000 00194 a2200097 4500
001 11801
100 _a
245 _aUnited Nation Doos
260 _a
_bRoyal Institute
_c
090 _c9057
_d9057
942 _aNUST-CAE
_cM
_c35886
999 _c246874
_d246874